000 00518cam a22002171 4500
001 sa 63003095
003 DLC
005 20260227111939.0
008 890714s1962 ii 000 1 beno
010 _asa 63003095
035 _a(OCoLC)20011701
040 _aDLC
_cWaU
_dDLC
042 _apremarc
050 0 0 _aPK1718.M7918
_bA62
100 1 _aMukherji, Saurindramohan,
_d1884-
245 1 0 _aAbāka pr̥thibī.
260 _c[1962]
300 _a182 p.
_c23 cm.
500 _aIn Bengali.
500 _aA novel.
999 _c54886
_d54886